Hayling v Harper and another (Record no. 73557)

MARC details
000 -LEADER
fixed length control field 01600cam a2200253 4500
001 - CONTROL NUMBER
control field ABS67026
008 - FIXED-LENGTH DATA ELEMENTS--GENERAL INFORMATION
fixed length control field 031003n2003 000 0 eng u
035 ## - SYSTEM CONTROL NUMBER
System control number (Sirsi) u123841
245 ## - TITLE STATEMENT
Title Hayling v Harper and another
260 ## - PUBLICATION, DISTRIBUTION, ETC.
Date of publication, distribution, etc. 2003
490 ## - SERIES STATEMENT
Series statement Estates Gazette
Volume/sequential designation [2003] EWCA Civ 117-121(5)
520 ## - SUMMARY, ETC.
Summary, etc. [2003] EWCA Civ 1147, 2 April 2003. Concerned a dispute over a vehicular right of way. Appellant Harper (X) appealed against a County Court decision which held the Road Traffic Act 1930 s34 did not apply to the disputed track and granted to the respondent Hayling (Y) a vehicular right of way. The County Court reject X's argument that "Hanning v Top Deck Travel Group Ltd" ([1994] EWCA Civ 1147, X1744) should apply. X appealed. Y cross appealed arguing that the right of way might have been acquired by lost modern grant based upon 20 years use prior to 1930. CA held that "Hanning" should apply and that following the Road Traffic Act 1930, Y would not have acquired any right of way for vehicles by prescription based upon use. X's appeal allowed. Furthermore, the CA found that there was sufficient evidence to establish a right of way by virtue of the operation of the doctoring of lost modern grant. Cross appeal allowed.
590 ## - LOCAL NOTE (RLIN)
Local note ABS
650 ## - SUBJECT ADDED ENTRY--TOPICAL TERM
Topical term or geographic name entry element HAYLING V HARPER AND ANOTHER
650 ## - SUBJECT ADDED ENTRY--TOPICAL TERM
Topical term or geographic name entry element EASEMENTS
650 ## - SUBJECT ADDED ENTRY--TOPICAL TERM
Topical term or geographic name entry element PRESCRIPTION
650 ## - SUBJECT ADDED ENTRY--TOPICAL TERM
Topical term or geographic name entry element RIGHT OF WAY
650 ## - SUBJECT ADDED ENTRY--TOPICAL TERM
Topical term or geographic name entry element ROAD TRAFFIC ACT 1988
650 ## - SUBJECT ADDED ENTRY--TOPICAL TERM
Topical term or geographic name entry element ROAD TRAFFIC ACT 1930
650 ## - SUBJECT ADDED ENTRY--TOPICAL TERM
Topical term or geographic name entry element PUBLIC FOOTPATHS
650 ## - SUBJECT ADDED ENTRY--TOPICAL TERM
Topical term or geographic name entry element HANNING V TOP DECK TRAVEL GROUP LTD
690 ## - LOCAL SUBJECT ADDED ENTRY--TOPICAL TERM (OCLC, RLIN)
Topical term or geographic name as entry element Boundary disputes
9 (RLIN) 6221
942 ## - ADDED ENTRY ELEMENTS (KOHA)
Suppress in OPAC 0
Holdings
Withdrawn status Lost status Source of classification or shelving scheme Damaged status Not for loan Home library Current library Shelving location Date acquired Total Checkouts Full call number Barcode Date last seen Copy number Price effective from Koha item type
    Dewey Decimal Classification     London London Journal article 03/10/2003   ABS67026 123841-1001 06/08/2019 1 06/08/2019 Law report